000 01203pam a2200289 a 4500
001 1596677
003 ARRUPE
005 20141107114442.0
008 940518s1994 enk b 001 0 eng
010 _a 94018514
020 _a0860914291
040 _aDLC
_cDLC
_dDLC
050 0 0 _aHC79.E5
_bR656 1994
082 0 0 _a333.7
_220
100 1 _aRoss, Andrew,
_d1956-
_912479
245 1 4 _aThe Chicago gangster theory of life :
_bnature's debt to society /
_cAndrew Ross.
260 _aLondon ;
_aNew York :
_bVerso,
_c1994.
300 _avi, 308 p. ;
_c25 cm.
504 _aIncludes bibliographical references (p. 274-296) and index.
650 0 _aEnvironmental policy
_xEconomic aspects.
_912480
650 0 _aEnvironmental policy
_xMoral and ethical aspects.
_912481
856 4 2 _3Contributor biographical information
_uhttp://www.loc.gov/catdir/enhancements/fy1311/94018514-b.html
856 4 2 _3Publisher description
_uhttp://www.loc.gov/catdir/enhancements/fy1311/94018514-d.html
906 _a7
_bcbc
_corignew
_d1
_eocip
_f19
_gy-gencatlg
942 _2lcc
_cMONOGRAPH
999 _c121197
_d121197